| 000 | 01091nam a22002177a 4500 | ||
|---|---|---|---|
| 001 | EIF-IV-1999-M3-019 | ||
| 003 | OSt | ||
| 005 | 20221108153304.0 | ||
| 008 | 221108b |||||||| |||| 00| 0 eng d | ||
| 040 |
_aFundación Jesús Pereda _cFundación Jesús Pereda |
||
| 041 | _aCastellano | ||
| 100 |
_u"Grupo Biografías Obreras" del Arxiu Históric de CCOO de Catalunya (AHCONC) _aTébar Hurtado, Javier _962 |
||
| 111 |
_aEncuentro de Investigadores del Franquismo _c(Valencia. _d1999. _n4º) _996 |
||
| 245 |
_aBiografías obreras: _bfuentes orales y militancia sindical (1939-1978). Los "relatos de vida" como fuente de archivo _c/Javier Tébar Hurtado y Conxi Villar |
||
| 650 | 0 |
_990 _aFuentes para la investigación histórica |
|
| 650 | 0 |
_9122 _aClase obrera |
|
| 700 |
_u"Grupo Biografías Obreras" del Arxiu Históric de CCOO de Catalunya (AHCONC) _aVillar, Conxi _9350 |
||
| 773 |
_tActas del IV Encuentro de Investigadores del Franquismo _g415-420 p. |
||
| 856 | _uhttps://bibliotecaccoocyl.fundacionjesuspereda.es/cgi-bin/koha/opac-retrieve-file.pl?id=2e82b8eba389f50c68dc230eeaf53c71 | ||
| 942 |
_2ddc _cCF _n0 |
||
| 999 |
_c176 _d176 |
||